Most Famous Physicists with Hints - Statistics

General Stats
  • This quiz has been taken 1,009 times
  • The average score is 38 of 111
Answer Stats
Hint Answer % Correct
. Isaac Newton
99%
Albert Einstein
98%
Galileo Galilei
92%
Marie Curie
91%
Pierre Curie
87%
Nicolaus Copernicus
78%
Erwin Schrödinger
76%
Niels Bohr
75%
Stephen Hawking
75%
Leonhard Euler
71%
Werner Heisenberg
70%
Georg Simon Ohm
67%
Blaise Pascal
65%
Lord Kelvin
65%
Ernest Rutherford
63%
James Clerk Maxwell
63%
Max Planck
63%
Michael Faraday
63%
André-Marie Ampère
62%
J. Robert Oppenheimer
62%
Alessandro Volta
61%
Johannes Kepler
61%
Heinrich Hertz
57%
Carl Friedrich Gauß
55%
Enrico Fermi
55%
Gottfried Wilhelm Leibniz
55%
Anders Celsius
52%
Wilhelm Conrad Röntgen
52%
Daniel Gabriel Fahrenheit
51%
Charles-Augustin de Coulomb
48%
James Prescott Joule
47%
Richard Feynman
46%
Robert Hooke
46%
Amedeo Avogadro
44%
Edwin Hubble
44%
Wolfgang Pauli
44%
Guglielmo Marconi
42%
Henri Becquerel
40%
Joseph J. Thomson
37%
Ludwig Boltzmann
37%
Joseph Fourier
36%
Paul Dirac
36%
Robert Boyle
34%
Joseph-Louis Lagrange
33%
John von Neumann
31%
Tycho Brahe
31%
John Dalton
30%
Louis de Broglie
30%
Pierre-Simon Laplace
30%
Daniel Bernoulli
29%
Hendrik Antoon Lorentz
29%
Christiaan Huygens
28%
Christian Doppler
28%
James Chadwick
27%
Léon Foucault
27%
Henri Poincaré
26%
Max Born
26%
Carl Sagan
25%
William Rowan Hamilton
25%
Thomas Young
24%
Evangelista Torricelli
22%
Hans Christian Ørsted
22%
Henry Cavendish
21%
William Herschel
21%
Neil deGrasse Tyson
20%
Lise Meitner
19%
Otto Hahn
19%
Luigi Galvani
18%
Wilhelm Eduard Weber
18%
Augustin-Louis Cauchy
17%
Baron Rayleigh
17%
Emil Lenz
17%
Ernst Mach
17%
George Stokes
17%
Jean le Rond d'Alembert
17%
Pieter Zeeman
17%
Emmy Noether
16%
Gustav Kirchhoff
16%
Karl Ferdinand Braun
16%
Lev Landau
16%
Robert Andrews Millikan
16%
Rudolf Clausius
16%
Johannes Diderik van der Waals
15%
Roger Penrose
15%
Wilhelm Wien
15%
Georges Lemaître
14%
Joseph Louis Gay-Lussac
14%
Lawrence Bragg
14%
Andrei Sakharov
13%
Frédéric Joliot-Curie
13%
Gaspard-Gustave de Coriolis
13%
Giovanni Domenico Cassini
13%
Heike Kamerlingh Onnes
13%
Hermann von Helmholtz
13%
Irène Joliot-Curie
13%
Svante Arrhenius
13%
William Gilbert
13%
Otto Stern
12%
Ole Rømer
11%
Peter Debye
11%
Mikhail Lomonosov
10%
Carl Zeiss
9%
Gabriel Lippmann
9%
Philipp Lenard
9%
Sophie Germain
9%
Charles Thomson Rees Wilson
8%
Edwin McMillan
8%
Jean Baptiste Perrin
8%
Max von Laue
8%
Otto von Guericke
8%
Maria Goeppert-Mayer
5%
No matching quizzes found
Score Distribution
Percent of People with Each Score
Percentile by Number Answered
Your Score History
You have not taken this quiz